| 000 | 00882cam a2200301 4500500 | ||
|---|---|---|---|
| 005 | 20260405002137.0 | ||
| 041 | _afre | ||
| 042 | _adc | ||
| 100 | 1 | 0 |
_aLacroix, Alexandre _eauthor |
| 245 | 0 | 0 | _aL’état d’urgence ou la difficulté de nommer l’ennemi |
| 260 | _c2016. | ||
| 500 | _a61 | ||
| 690 | _a13 novembre 2015 | ||
| 690 | _aAlexandre Lacroix | ||
| 690 | _aAmi | ||
| 690 | _aAttentats | ||
| 690 | _aCarl Schmitt | ||
| 690 | _aDéchéance de nationalité | ||
| 690 | _aEnnemi | ||
| 690 | _aÉtat | ||
| 690 | _aÉtat d’exception | ||
| 690 | _aÉtat d’urgence | ||
| 690 | _aFrançois Hollande | ||
| 690 | _aGiorgio Agamben | ||
| 690 | _aPolitique | ||
| 786 | 0 | _nPhilosophie magazine | 97 | 3 | 2016-03-01 | p. 3-3 | 1951-1787 | |
| 856 | 4 | 1 | _uhttps://shs.cairn.info/magazine-philosophie-magazine-2016-3-page-3?lang=fr&redirect-ssocas=7080 |
| 999 |
_c2054718 _d2054718 |
||